Sri Ramana, the sage of Arunagiri : (Запис № 551765)
[ простий вигляд ]
| 000 -LEADER | |
|---|---|
| fixed length control field | 01276cam a2200277Ka 4500 |
| 001 - CONTROL NUMBER | |
| control field | sriramanasageofa00aksh |
| 003 - CONTROL NUMBER IDENTIFIER | |
| control field | CaSfIA |
| 005 - DATE AND TIME OF LATEST TRANSACTION | |
| control field | 20210119084040.0 |
| 007 - PHYSICAL DESCRIPTION FIXED FIELD--GENERAL INFORMATION | |
| fixed length control field | cr|||| |
| 008 - FIXED-LENGTH DATA ELEMENTS--GENERAL INFORMATION | |
| fixed length control field | 060926s1984 ii c 000 0 eng d |
| 040 ## - CATALOGING SOURCE | |
| Original cataloging agency | CFT |
| Transcribing agency | CFT |
| Modifying agency | SACAT |
| -- | CaSfIA |
| 035 ## - SYSTEM CONTROL NUMBER | |
| System control number | (OCoLC)71753890 |
| 092 ## - LOCALLY ASSIGNED DEWEY CALL NUMBER (OCLC) | |
| Classification number | 181.4 |
| Item number | R143s |
| 090 ## - LOCALLY ASSIGNED LC-TYPE CALL NUMBER (OCLC); LOCAL CALL NUMBER (OCLC) | |
| Classification number (OCLC) (R) ; Classification number, CALL (RLIN) (NR) | BL1175.R342 |
| Local cutter number (OCLC) ; Book number/undivided call number, CALL (RLIN) | S93 1984 |
| 100 0# - MAIN ENTRY--PERSONAL NAME | |
| Personal name | Aksharajna. |
| 245 10 - TITLE STATEMENT | |
| Title | Sri Ramana, the sage of Arunagiri : |
| Medium | [electronic resource] |
| Remainder of title | a brief life-sketch of the sage and his teachings / |
| Statement of responsibility, etc | by Aksharajna (G. R. Subbaramayya) |
| 250 ## - EDITION STATEMENT | |
| Edition statement | 4th ed. |
| 260 ## - PUBLICATION, DISTRIBUTION, ETC. (IMPRINT) | |
| Place of publication, distribution, etc | Tiruvannamalai : |
| Name of publisher, distributor, etc | Sri Ramanasramam, |
| Date of publication, distribution, etc | 1984. |
| 300 ## - PHYSICAL DESCRIPTION | |
| Extent | iii, 91 p. : |
| Other physical details | port. ; |
| Dimensions | 19 cm. |
| 506 ## - RESTRICTIONS ON ACCESS NOTE | |
| Standardized terminology for access restriction | Необхідна авторизація на https://archive.org/ (створення облікового запису безкоштовно) |
| 506 ## - RESTRICTIONS ON ACCESS NOTE | |
| Standardized terminology for access restriction | Необхідна авторизація на https://openlibrary.org/ (створення облікового запису безкоштовно) |
| 600 00 - SUBJECT ADDED ENTRY--PERSONAL NAME | |
| Personal name | Ramana, |
| Titles and other words associated with a name | Maharshi. |
| 856 41 - ELECTRONIC LOCATION AND ACCESS | |
| Uniform Resource Identifier | <a href="http://www.archive.org/details/sriramanasageofa00aksh">http://www.archive.org/details/sriramanasageofa00aksh</a> |
| Public note | Free eBook from the Internet Archive |
| 856 42 - ELECTRONIC LOCATION AND ACCESS | |
| Uniform Resource Identifier | <a href="http://www.openlibrary.org/books/OL24220433M">http://www.openlibrary.org/books/OL24220433M</a> |
| Public note | Additional information and access via Open Library |
| 942 ## - ADDED ENTRY ELEMENTS (KOHA) | |
| Koha item type | ЕКнига |
Немає доступних примірників.